Pokédex d'Alola (Soleil et Lune) - Statistiques

Statistiques générales
  • Ce quiz a été pris 38 fois
  • Le résultat moyen est 193 sur 302
Statistiques - réponses
Numéro Pokémon % Correct
025 Pikachu
100%
003 Archéduc
93%
014 Argouste
93%
012 Bazoucan
93%
001 Brindibou
93%
059 Crabagarre
93%
002 Efflèche
93%
006 Félinferno
93%
004 Flamiaou
93%
013 Manglouton
93%
005 Matoufeu
93%
009 Oratoria
93%
007 Otaquin
93%
008 Otarlette
93%
010 Picassaut
93%
024 Pichu
93%
011 Piclairon
93%
026 Raichu d'Alola
93%
016 Rattatac d'Alola
93%
015 Rattata d'Alola
93%
141 Araqua
87%
028 Chrysapile
87%
289 Cosmog
87%
290 Cosmovum
87%
060 Crabominable
87%
110 Froussardine
87%
027 Larvibule
87%
029 Lucanon
87%
292 Lunala
87%
045 Miaouss d'Alola
87%
270 Noadkoko d'Alola
87%
164 Ossatueur d'Alola
87%
163 Osselait
87%
046 Persian d'Alola
87%
082 Plumeline
87%
291 Solgaleo
87%
142 Tarenbulle
87%
137 Tauros
87%
042 Abra
80%
044 Alakazam
80%
041 Bekipan
80%
295 Cancrelove
80%
170 Chelours
80%
138 Écrémeuh
80%
063 Ectoplasma
80%
299 Engloutyran
80%
061 Fantominus
80%
254 Feunard d'Alola
80%
040 Goélise
80%
253 Goupix d'Alola
80%
174 Guérilande
80%
043 Kadabra
80%
298 Katagami
80%
092 Léviator
80%
095 Machoc
80%
096 Machopeur
80%
097 Mackogneur
80%
091 Magicarpe
80%
210 Mélo
80%
143 Mimantis
80%
169 Nounourson
80%
073 Piafabec
80%
037 Ramoloss
80%
074 Rapasdepic
80%
039 Roigada
80%
062 Spectrum
80%
184 Stari
80%
185 Staross
80%
071 Taupiqueur d'Alola
80%
132 Tiboudet
80%
285 Tokorico
80%
124 Aquali
73%
053 Arcanin
73%
186 Bacabouh
73%
297 Bamboiselle
73%
083 Bombydou
73%
133 Bourrinos
73%
052 Caninos
73%
017 Chenipan
73%
018 Chrysacier
73%
200 Concombaffe
73%
117 Draby
73%
118 Drackhaus
73%
282 Draco
73%
119 Drattak
73%
273 Ékaïser
73%
123 Évoli
73%
038 Flagadoss
73%
144 Floramantis
73%
130 Givrali
73%
035 Goinfrex
73%
176 Gouroutan
73%
230 Gravalanch d'Alola
73%
231 Grolem d'Alola
73%
104 Lougaroc
73%
168 Maganon
73%
166 Magby
73%
167 Magmar
73%
162 Malamandre
73%
212 Mélodelfe
73%
211 Mélofée
73%
127 Mentali
73%
242 Mimiqui
73%
294 Mouscoto
73%
300 Necrozma
73%
269 Noeunoeuf
73%
131 Nymphali
73%
019 Papilusion
73%
129 Phyllali
73%
126 Pyroli
73%
229 Racaillou d'Alola
73%
103 Rocabot
73%
036 Ronflex
73%
251 Sabelette d'Alola
73%
252 Sablaireau d'Alola
73%
183 Sarmuraï
73%
204 Silvallié
73%
182 Sovkipou
73%
288 Tokopisco
73%
286 Tokopiyon
73%
287 Tokotoro
73%
072 Triopikeur d'Alola
73%
203 Type: 0
73%
125 Voltali
73%
293 Zéroïd
73%
271 Bébécaille
67%
224 Boumata
67%
296 Câblifère
67%
172 Candine
67%
112 Corayon
67%
171 Croquine
67%
222 Dodoala
67%
283 Dracolosse
67%
244 Draïeul
67%
272 Écaid
67%
228 Élekable
67%
226 Élekid
67%
227 Élektek
67%
136 Grodoudou
67%
051 Grotadmorv d'Alola
67%
055 Hypnomade
67%
213 Météno
67%
281 Minidraco
67%
128 Noctali
67%
069 Nosferalto
67%
068 Nosferapti
67%
114 Prédastérie
67%
177 Quartermac
67%
135 Rondoudou
67%
084 Rubombelle
67%
031 Simularbre
67%
263 Sinistrail
67%
101 Strassie
67%
173 Sucreine
67%
050 Tadmorv d'Alola
67%
102 Ténéfix
67%
106 Tentacool
67%
107 Tentacruel
67%
225 Togedemaru
67%
187 Trépassable
67%
161 Tritox
67%
113 Vorastérie
67%
090 Akwakwak
60%
094 Barbicha
60%
093 Barloche
60%
155 Barpau
60%
064 Baudrive
60%
020 Coxy
60%
021 Coxyclaque
60%
234 Crocorible
60%
116 Crustabri
60%
197 Desséliande
60%
233 Escroco
60%
065 Grodrive
60%
115 Kokiyas
60%
033 Leveinard
60%
111 Lovdisc
60%
301 Magearna
60%
047 Magnéti
60%
048 Magnéton
60%
049 Magnézone
60%
030 Manzaï
60%
302 Marshadow
60%
232 Mascaïman
60%
216 Métalosse
60%
215 Métang
60%
156 Milobellus
60%
070 Nostenfer
60%
153 Poissirène
60%
154 Poissoroy
60%
217 Porygon
60%
218 Porygon 2
60%
219 Porygon-Z
60%
089 Psykokwak
60%
032 Ptiravi
60%
149 Ptitard
60%
265 Sharpedo
60%
054 Soporifik
60%
151 Tartard
60%
214 Terhal
60%
150 Têtarte
60%
134 Toudoudou
60%
266 Wailmer
60%
267 Wailord
60%
139 Arakdo
53%
196 Brocélôme
53%
240 Carchacrok
53%
239 Carmache
53%
264 Carvanha
53%
108 Écayon
53%
238 Griknot
53%
165 Kangourex
53%
235 Kraknoix
53%
146 Lampignon
53%
034 Leuphorie
53%
109 Luminéon
53%
122 Mastouffe
53%
209 Métamorph
53%
023 Migalos
53%
022 Mimigal
53%
178 Mucuscule
53%
121 Ponchien
53%
120 Ponchiot
53%
284 Ptéra
53%
175 Scarabrute
53%
145 Spododo
53%
198 Tarinor
53%
199 Tarinorme
53%
152 Tarpaud
53%
078 Vaututrice
53%
077 Vostourno
53%
205 Zygarde
53%
159 Braisillon
47%
085 Chlorobule
47%
276 Cizayox
47%
179 Colimucus
47%
080 Colossinge
47%
087 Doudouvet
47%
088 Farfaduvet
47%
079 Férosinge
47%
160 Flambusard
47%
086 Fragilady
47%
075 Furaiglon
47%
076 Gueriaigle
47%
057 Hariyama
47%
275 Insécateur
47%
237 Libégon
47%
268 Lokhlass
47%
067 Magirêve
47%
140 Maskadra
47%
181 Morphéo
47%
180 Muplodocus
47%
247 Oniglali
47%
158 Passerouge
47%
058 Queulorior
47%
246 Stalgamin
47%
241 Trousselin
47%
236 Vibraninf
47%
245 Absol
40%
208 Airmure
40%
278 Corboss
40%
277 Cornèbre
40%
243 Denticrisse
40%
250 Dimoret
40%
249 Farfuret
40%
066 Feuforêve
40%
099 Géolithe
40%
100 Gigalithe
40%
259 Granbull
40%
202 Lanturn
40%
201 Loupio
40%
280 Lucario
40%
056 Makuhita
40%
157 Mamanbo
40%
248 Momartik
40%
098 Nodulithe
40%
147 Paras
40%
148 Parasect
40%
279 Riolu
40%
258 Snubbull
40%
105 Spinda
40%
193 Aéroptéryx
33%
192 Arkéapti
33%
081 Cadoizo
33%
194 Carapagos
33%
195 Mégapagos
33%
262 Relicanth
33%
260 Sancoki mer Orient
33%
255 Sorbébé
33%
257 Sorbouboul
33%
256 Sorboul
33%
261 Tritosor mer Orient
33%
191 Bastiodon
27%
189 Charkos
27%
223 Chartor
27%
190 Dinoclier
27%
274 Emolga
27%
188 Kranidos
27%
206 Miamiasme
27%
207 Miasmax
27%
221 Pandarbare
27%
220 Pandespiègle
27%
Aucun quiz correspondant
Distribution des résultats
% des personnes avec chaque résultat
Percentile par nombre de réponses
Votre historique - résultats
Vous n’avez pas pris ce quiz